000 00254nam a22001097a 4500
005 20251008141052.0
008 251008b |||||||| |||| 00| 0 eng d
040 _cPK-LaNCA
082 _a915.2191
_bKAT
245 _aKatsura: imperial villa
942 _cBK
999 _c66889
_d66889